000 03249nam a2200529 i 4500
999 _c45968
_d45968
001 45968
003 ES-MaCES
005 20240709113000.0
007 cr |||||||||||
008 150423s2015 sp |||||||||||00||| spa|d
040 _aES-MaCES
_bspa
_cES-MaCES
245 0 0 _aDictamen 5-2015, sobre el Anteproyecto de Ley de resolución alternativa de conflictos de consumo
300 _a19 p. (199,88 kb)
500 _aEl consejero Félix Martín presenta la "Enmienda parcial de modificación a la propuesta de Dictamen, del Subgrupo de consumidores, que se incorpora al Acta como Anexo nº 2. Sometida a votación la enmienda parcial de modificación, presentada por los Consejeros Félix Martín, Isabel Ávila Fernández-Monge y Carlos Sánchez-Reyes de Palacio, quedó rechazada, el resultado es de 48 votos emitidos: 19 votos a favor, 28 votos en contra y 1 abstención.
593 _iD-005-2015
_f20150513
_rOrdinaria
_vPresentes (47) : (38) sí, (2) no, (7) abst.
_sPleno ordinario
_cSalud, Consumo, Asuntos Sociales, Educación y Cultura
_yTras la votación de la propuesta de dictamen, el consejero Félix Martín anuncia la presentación de un voto particular. Voto particular que formulan los consejeros del Grupo Tercero del CES, José Mª Algora Jiménez, Genero Amigo Chouciño, Isabel Ávila Fernández-Monge, Lascurain Arteche, Félix Martín Galicia, Eduardo Navarro Villarreal, Domiciano Pastor Martínez, Juan Antonio Pedreño Frutos, Gustavo Samayoa Estrada y Carlos Sánchez-Reyes de Palacio
650 4 _aconsumo
_927907
650 4 _aconsumidor
_927902
650 4 _aprotección del consumidor
_929407
650 4 _aarreglo de conflicto
_927305
650 4 _aarbitraje
_927302
650 4 _aorganización institucional
_927196
650 4 _aprocedimiento judicial
_929889
650 4 _aderecho comunitario
_929866
650 4 _aEspaña
_926964
650 4 _arégimen jurídico
_929894
653 1 0 _aConsumo
700 _935681
_aLlovet Verdugo, Juan
_eponente
700 1 _aMartín Galicia, Félix
_einterviniente y voto particular
_917949
700 1 _97461
_aBeltrán Blázquez, Ana Esperanza
_einterviniente
700 1 _96411
_aAragón Medina, Jorge
_einterviniente
700 1 _919974
_aOña, Dionis
_einterviniente
700 1 _96761
_aÁvila Fernández-Monge, Isabel
_einterviniente y voto particular
700 1 _923330
_aSánchez-Reyes de Palacio, Carlos
_einterviniente y voto particular
700 1 _935765
_aAlgora Jiménez, José María
_evoto particular
700 _935766
_aAmigo Chouciño, Genaro
_evoto particular
700 _935767
_aBonafé Ramis, Jerórima
_evoto particular
700 1 _98570
_aCabaleiro Villanueva, Claudio
_evoto particular
700 _935768
_aLascurain Arteche, Arantza
_evoto particular
700 1 _920449
_aPastor, Domiciano
_evoto particular
700 1 _920545
_aPedreño Frutos, Juan Antonio
_evoto particular
700 _aSamayoa Estrada, Gustavo
_evoto particular
_935769
700 1 _aNavarro Villarreal, Eduardo
_evoto particular
_919537
710 1 _93268
_aEspaña
_bMinisterio de Sanidad, Servicios Sociales e Igualdad
_esolicitante
856 4 _uhttp://www.ces.es/documents/DIC/2015/05
_ytexto completo
902 _aDictamen
942 _2CES
_cDI
_h3.2.